000
00218nam a22000857a 4500
008
131031b xxu||||| |||| 00| 0 eng d
020
_c
Available
082
_2
2nd Ed
245
_a
Linear Algebra and its applications
_c
Lay David C
999
_c
23450
_d
23450